| Tag |
First Indicator |
Second Indicator |
Subfields |
| LEADER |
00000cam a2200000 4500 |
| 001 |
in00003830438 |
| 005 |
20190415190515.0 |
| 006 |
m o d |
| 007 |
cr |n||||||||n |
| 008 |
911119s1800 ie |||| o 00||||eng c |
| 035 |
|
|
|a (CU-RivES)T208541
|
| 035 |
|
|
|a (Uk-ES)006303035
|
| 035 |
|
|
|a (OCoLC)510492112
|
| 040 |
|
|
|a Uk-ES
|c Uk-ES
|d CU-RivES
|d CStRLIN
|d CU-RivES
|d Cengage Gale
|d UtOrBLW
|
| 050 |
|
4 |
|a AC4
|b .S665 1800
|
| 100 |
1 |
|
|a Smollett, T.
|q (Tobias),
|d 1721-1771.
|
| 240 |
1 |
0 |
|a Sir Launcelot Greaves
|
| 245 |
1 |
4 |
|a The adventures of Sir Launcelot Greaves, by Dr. Smolett. Two volumes in one. Embellished with superb engravings.
|
| 264 |
|
3 |
|a Dublin :
|b Printed by T. Henshall, No. 5 Bride-Street,
|c [1800?]
|
| 300 |
|
|
|a 1 online resource (260 pages,plate)
|
| 336 |
|
|
|a text
|b txt
|2 rdacontent
|
| 337 |
|
|
|a computer
|b c
|2 rdamedia
|
| 338 |
|
|
|a online resource
|b cr
|2 rdacarrier
|
| 509 |
|
|
|a Frontis=plate
|
| 510 |
4 |
|
|a English Short Title Catalog,
|c T208541.
|
| 500 |
|
|
|a Reproduction of original from National Library of Ireland.
|
| 500 |
|
|
|a Electronic resource.
|
| 650 |
|
0 |
|a English fiction.
|0 http://id.loc.gov/authorities/subjects/sh85043362
|
| 655 |
|
7 |
|a Electronic books.
|2 local
|
| 710 |
2 |
|
|a Gale (Firm)
|0 http://id.loc.gov/authorities/names/no2008071348
|
| 752 |
|
|
|a Ireland
|d Dublin.
|
| 856 |
4 |
0 |
|u http://proxy.library.tamu.edu/login?url=http://find.galegroup.com/ecco/infomark.do?contentSet=ECCOArticles&docType=ECCOArticles&bookId=1602500300&type=getFullCitation&tabID=T001&prodId=ECCO&docLevel=TEXT_GRAPHICS&version=1.0&source=library&userGroupName=txshracd2898
|z Connect to the full text of this electronic book
|t 0
|
| 999 |
f |
f |
|s 1cb6c8b2-1d37-3ddf-ac91-c502b3532e3f
|i 4f5efbbe-04a1-364e-846e-4f2857e89de3
|t 0
|
| 952 |
f |
f |
|a Texas A&M University
|b College Station
|c Electronic Resources
|d Available Online
|t 0
|e AC4 .S665 1800
|h Library of Congress classification
|
| 998 |
f |
f |
|a AC4 .S665 1800
|t 0
|l Available Online
|